000 01018nam a2200301Ia 4500
005 20220317001502.0
008 161108s2016 sp g 000 f spa
020 _a9788467037814
100 1 _aStendhal, Henry Beyle
_d1783-1842
245 1 0 _aRojo y negro
_cStendhal ; edición y traducción de Juan Bravo Castillo
250 _aSéptima edición
264 1 _aMadrid
_bAustral
_c[2016]
300 _a625 páginas
_c19 cm.
336 _atexto
_btxt
_2rdacontent
337 _asin mediación
_bn
_2rdamedia
338 _avolumen
_bnc
_2rdacarrier
490 _aNarrativas
500 _aIncluye datos biográficos del autor
534 _tRouge et Noir
650 1 4 _2LEMB
_aNovela francesa
_ySiglo XVIII
650 1 4 _2LEMB
_aLiteratura francesa
_ySiglo XVIII
650 1 4 _2LEMB
_aProblemas sociales
_vNovela
650 1 4 _2LEMB
_aVida social y costumbres
_vNovela
700 1 _aBravo Castillo, Juan
_eeditor
_etraductor
_974043
942 _2loc
_cBKLIT
040 _aCO-BoRNBP
_bspa
_erda
_cCO-BoRNBP
084 _aN STE3
999 _c7120
_d7120